000 02146nam a22003017a 4500
005 20101101103711.0
010 _aB-410940-946 B-464461
020 _a9780007341139
_c349.00
035 _aB-410940-946 B-464461
037 _bUppal Book Store
037 _bK.K.Pub/Ven
082 _a483
245 _aCollins cobuild learner's illustrated dictionary/
260 _aGreat Britain
_bHeinle Cengage Learning
_c2009
300 _axiii, 940p.
_c22cm(pbk)
650 _a English language
_v Dictionaries
_952051
942 _2ddc
_cEN
_mCOL
_h483
999 _c35982
_d35982